| 000 | 01007nas0a22003011i 4500 | ||
|---|---|---|---|
| 001 | RU\NLR\DRGNLR\1626 | ||
| 005 | 20240725031019.0 | ||
| 035 | _a(NLR Aleph) 010310198 | ||
| 090 |
_a10634421 _c10634421 |
||
| 100 | _a20080514b19121914u y0rusy50 ca | ||
| 101 | 0 | _arus | |
| 102 | _aRU | ||
| 110 | _acya|||||||| | ||
| 200 | 1 |
_aЗащита _eПолит., торг.-пром. и обществ.-лит. газ. _fРед.-изд. П.И.Вехов |
|
| 210 |
_aАстрахань _d1912, 4 июля - 1914, [?] |
||
| 540 | 1 | _aЗащита | |
| 702 | 1 |
_aВехов _bПав. Ив. _4340 |
|
| 801 | 0 |
_aRU _bNLR _c20080514 _gPSBO _2gzdor_isis |
|
| 801 | 2 |
_aRU _bNLR _c20080514 _gPSBO _2rusmarc |
|
| 852 |
_aNLR _j1-Р/1-А-15 |
||
| 942 | _cNEWSPAPER | ||
| 980 | _aDRG | ||